| 000 | 00488nam a22001937a 4500 | ||
|---|---|---|---|
| 003 | OSt | ||
| 005 | 20140310182330.0 | ||
| 008 | 130313t xxu||||| |||| 00| 0 eng d | ||
| 020 | _a185434093x | ||
| 050 |
_aQB 501.2 _b.G73 1991 |
||
| 082 |
_aQB501.2 . _bG73 1991 |
||
| 245 |
_aOur solar system _cwritten by Ian Graham |
||
| 260 |
_aLondon _bTwo-can Publishing _c1991 |
||
| 300 |
_a32 p. _bcol. ill. _c27 cm. |
||
| 562 | _e2 | ||
| 942 |
_2lcc _cBK-GS |
||
| 999 |
_c11967 _d11967 |
||